Swap a Word: Books Quiz Stats

 Plays Quiz Updated Sep 12, 2018

Score 0/28 Timer 08:00
4 Plays Today
% Correct
A Clockwork Peach
98.4%
Crime and Prejudice
96.4%
Catch-451
96.2%
Green Eggs and Rye
96%
Of Mice and Flies
95.8%
A Midsummer Night's Murder
95.6%
The Very Great Caterpillar
95.6%
Gone with the Sun
95.6%
The Dragon, the Witch and the Wardrobe
95.6%
A Tale of Two Towns
95.3%
War and Love
95.2%
Animal Galaxy
95%
Schindler's Adventures
95%
How to Win Friends and Kill People
94.8%
% Correct
For Whom the Bell Rings
94.3%
Where the Quiet Things Are
94.2%
Anne of Seven Gables
94.2%
The Shrew in the Hat
94.1%
The Grapes of Solitude
93.9%
The Last of the Pants
93.8%
The Picture of Dorian Grey
93.8%
East of India
92.5%
What to Expect When You're Dying
92.5%
Origin of a Salesman
92%
Are You There, Garp? It's Me, Margaret
91.8%
The Importance of Being Lovely
91.5%
Water for People
89.9%
Man Down
89.2%

You're not logged in!

Compare scores with friends on all Sporcle quizzes.
OR
Log In

Sporcle TV

Today on Sporcle TV


Watch our educational content, quiz creation guides, and fun videos on Sporcle TV.

Show Comments

Extras

Top Quizzes Today


Score Distribution

Your Account Isn't Verified!

In order to create a playlist on Sporcle, you need to verify the email address you used during registration. Go to your Sporcle Settings to finish the process.

Report this User

Report this user for behavior that violates our Community Guidelines.

Details: